Az esküvőszervezés trendjei és kihívásai Magyarországon A párok tapasztalatai és döntéshozatali szempontjai

Bibliográfiai részletek
Szerző: Lukács Viktória Erzsébet
További közreműködők: Boros Kitti
Dokumentumtípus: Diplomadolgozat
Kulcsszavak:esküvőszervezés
helyszínválasztási döntéshozatal
kihívások
rendezvényszervezés
szervezők
trendek
Online Access:http://dolgozattar.uni-bge.hu/60033

MARC

LEADER 00000nta a2200000 i 4500
001 dolg60033
005 20260409145910.0
008 260409suuuu hu om 000 hun d
040 |a BGE Dolgozattár Repozitórium  |b hun 
041 |a hu 
100 1 |a Lukács Viktória Erzsébet 
245 1 3 |a Az esküvőszervezés trendjei és kihívásai Magyarországon  |b A párok tapasztalatai és döntéshozatali szempontjai  |c Lukács Viktória Erzsébet  |h [elektronikus dokumentum] 
520 3 |a A szakdolgozatban az esküvőszervezés Magyarországon megfigyelhető trendjeit és kihívásait vizsgálom, különös tekintettel az elmúlt öt év változásaira és a párok döntéshozatali szempontjaira. A kutatás célja, hogy feltárja a helyszínválasztás, a gazdasági környezet, valamint a társadalmi elvárások hatásait az esküvőszervezési folyamatok tekintetében. A primer kutatásom során, online kérdőívvel gyűjtött adatok elemzése alapján megállapítható, hogy az egyediségre való törekvés, a költségtudatosság, valamint a szolgáltatók részéről való rugalmasság meghatározó tényezőkké váltak a Nagy Nap szervezése során. A dolgozatban kitérek a Covid-19 járvány esküvői piacra gyakorolt hatásaira, a tematikus esküvők növekvő népszerűségére, valamint a helyszínválasztás alakulására is. A kutatás eredményei rámutatnak arra, hogy az esküvőszervezés során a siker kulcsa a részletes tervezés, a megfelelő kommunikáció, és a megfelelően kidolgozott megoldások összegyűjtése a váratlan helyzetek kezelésére. A dolgozatban végül javaslatokat fogalmazok meg a jövőbeli esküvőszervezési stratégiák fejlesztésére, melyeket a szolgáltatók és a párok egyaránt alkalmazhatnak. 
695 |a esküvőszervezés 
695 |a helyszínválasztási döntéshozatal 
695 |a kihívások 
695 |a rendezvényszervezés 
695 |a szervezők 
695 |a trendek 
700 1 |a Boros Kitti  |e ths 
856 4 0 |u http://dolgozattar.uni-bge.hu/60033/1/Az%20esk%C3%BCv%C5%91szervez%C3%A9s%20trendjei%20%C3%A9s%20kih%C3%ADv%C3%A1sai%20Magyarorsz%C3%A1gon%20-%20A%20p%C3%A1rok%20tapasztalatai%20%C3%A9s%20d%C3%B6nt%C3%A9shozatali%20szempontjai.pdf  |z Dokumentum-elérés 
856 4 0 |u http://dolgozattar.uni-bge.hu/60033/2/Luk%C3%A1cs%20Vikt%C3%B3ria%20Erzs%C3%A9bet_konzulens_Boros%20Kitti.pdf  |z Dokumentum-elérés 
856 4 0 |u http://dolgozattar.uni-bge.hu/60033/3/Luk%C3%A1cs%20Vikt%C3%B3ria_B%C3%ADr%C3%A1lati%20lap_KN_BSc_2025.pdf  |z Dokumentum-elérés